000 00557nam a22001577a 4500
003 OSt
005 20150927101246.0
008 150927b xxu||||| |||| 00| 0 eng d
040 _cRUA
082 _aAGR THO B018 1997 Or.1
100 _91405
_aTHONG, AUN.
245 _aRubber planting technology at chup rubber plantion company, ការងារដាំដុះដំណាំកៅស៊ូនៅ ក្រុមហ៊ុនចំការកៅស៊ូជុប
260 _aPhnom Penh
_bRUA
_c1997
300 _a76p.
_bill.
_c29cm.
942 _2ddc
_cAGR
999 _c1320
_d1320